Oscars British Directors Quiz - Statistics

General Stats
  • This quiz has been taken 268 times
  • The average score is 17 of 41
Answer Stats
Movie Director % Correct
Psycho, Rear Window, Spellbound, Lifeboat, Rebecca Alfred Hitchcock
90%
Slumdog Millionaire Danny Boyle
90%
Black Hawk Down, Gladiator, Thelma & Louise Ridley Scott
88%
1917, American Beauty Sam Mendes
87%
Belfast, Henry V Kenneth Branagh
84%
Dunkirk Christopher Nolan
81%
A Passage to India, Doctor Zhivago, Lawrence of Arabia, The Bridge on the River Kwai, Summertime, Great Expectations, Brief Encounter David Lean
78%
12 Years a Slave Steve McQueen
73%
Gandhi Richard Attenborough
70%
Hamlet Laurence Olivier
68%
The King's Speech Tom Hooper
67%
The English Patient Anthony Minghella
55%
Oliver!, The Third Man, The Fallen Idol Carol Reed
54%
The Banshees of Inisherin Martin McDonagh
54%
Vera Drake, Secrets & Lies Mike Leigh
50%
Promising Young Woman Emerald Fennell
46%
Sunday Bloody Sunday, Midnight Cowboy, Darling John Schlesinger
45%
Hope and Glory, Deliverance John Boorman
41%
United 93 Paul Greengrass
40%
The Queen, The Grifters Stephen Frears
39%
Mississippi Burning, Midnight Express Alan Parker
33%
The Reader, The Hours, Billy Elliot Stephen Daldry
33%
Tom Jones Tony Richardson
33%
The Mission, The Killing Fields Ronald Joffé
29%
Mutiny on the Bounty, Cavalcade, The Divine Lady, Weary River, Drag Frank Lloyd
24%
Shakespeare in Love John Madden
24%
Women in Love Ken Russell
22%
Fatal Attraction Adrian Lyne
21%
Leaving Las Vegas Mike Figgis
19%
A Fish Called Wanda Charles Crichton
18%
Chariots of Fire Hugh Hudson
17%
The Dresser, Breaking Away Peter Yates
17%
The Guns of Navarone J. Lee Thompson
12%
The Full Monty Peter Cattaneo
11%
The Lion in Winter Anthony Harvey
10%
Room at the Top Jack Clayton
8%
The Postman Michael Radford
8%
Becket Peter Glenville
8%
Sons and Lovers Jack Cardiff
7%
Around the World in 80 Days Michael Anderson
5%
Mary Poppins Robert Stevenson
5%
No matching quizzes found
Score Distribution
Percent of People with Each Score
Percentile by Number Answered
Your Score History
You have not taken this quiz